000 00783nam a2200253Ia 4500
003 OSt
005 20220923224242.0
006 a|||||r|||| 00| 0
007 ta
008 220922b |||||||| |||| 00| 0 hin d
024 _a230,079
037 _cTextual
040 _aARTS
_cARTS
_bhin
041 _2hin
_ahin
082 _aV7, 152P6
100 _aचौहान, कर्ण सिंह
245 0 _aअमेरिका के आरपार
246 _aAmerikā ke ārapāra
260 _aदिल्ली
_b स्वराज प्रकाशन
_c2006
300 _a199पृ.
_ccm.
650 _aविश्व-इतिहास
942 _hV7, 152P6
_cTEXL
_2CC
999 _c370223
_d370223